Tilastot visalle Valtioita maailmankartan kaistaleella

Klikkaa tästä pelataksesi tätä visaa!

Yleistilastot

  • Tätä visaa on pelattu 82 kertaa
  • Keskiarvotulos 37 / 41

Vastaukset kartalla

Vastauksille on annettu kartalla punavihreä väri sen mukaan, kuinka moni on saanut sen oikein.
Ladataan ...
 

Vastaustilastot

Valtio% Oikein
Venäjä
99%
Turkki
99%
Saudi-Arabia
99%
Egypti
99%
Jemen
97%
Iran
97%
Somalia
96%
Etelä-Afrikka
95%
Syyria
95%
Etiopia
95%
Irak
95%
Kongon dem. tasavalta
94%
Uganda
94%
Kenia
94%
Sudan
94%
Israel
94%
Ukraina
94%
Kazakstan
94%
Eritrea
92%
Jordania
92%
Etelä-Sudan
91%
Ruanda
91%
Tansania
91%
Libanon
90%
Kypros
90%
Azerbaidžan
90%
Mosambik
90%
Armenia
90%
Djibouti
88%
Georgia
88%
Lesotho
88%
Swazimaa
87%
Sambia
86%
Kuwait
86%
Burundi
86%
Botswana
86%
Zimbabwe
84%
Malawi
83%
Angola
81%
Namibia
81%
Keski-Afrikan tasavalta
81%

Tulosjakauma

Persentiili vastausten määrän mukaan

Jokaisen tuloksen saaneiden osuus

Tuloshistoriasi

Et ole pelannut tätä visaa